000 00456nam a2200169 a 4500
001 000018719
005 20200929165840.0
008 100514s1984 dr a r 000 p spa d
040 _aDO-SdBNP
_bspa
_cBNPHU
082 _a861.1
_bP744m
245 0 0 _aPoema del Mio Cid.
260 _aSanto Domingo :
_bAlfa & Omega,
_c1984.
300 _a166 p. :
_bil. ;
_c17 cm.
650 4 _aPoesía española
_9631
650 4 _aLiteratura española
_9632
049 _aBNGR
999 _c18239
_d18239